Statistiques concernant Scottsbury Culture Quiz 5

Cliquez ici pour prendre le quiz!

Statistiques générales

  • Ce quiz a été pris 32 fois
  • Le résultat moyen est 6 sur 15

Statistiques - réponses

QuestionsIndicesRéponses% Correct
Anciennement appelé vif-argent, quel métal, de numéro atomique 80, fut longtemps utilisé dans les thermomètres malgré sa toxicité ?Le mercure
100%
Quel aviateur, le premier à traverser la Méditerrannée en avion en 1913, a donné son nom aux Internationaux de France de tennis ?Roland GARROS
92%
De quel animal a t-on l’œil pour indiquer que l'on a une très bonne vision ?Le lynx
80%
Quel Premier Ministre britannique a démissionné de son poste en 2016 suite au résultat du référendum en faveur du Brexit ?David .......David CAMERON
68%
À quel chanteur français, ayant pour véritable nom Oulion, doit-on les succès "Melody Tempo Harmony" ou "On the Road Again" ?Bernard ..........Bernard LAVILLIERS
48%
Quelle expression, associant le mot "œil" avec une ville, désigne une personne ou un organisme espionnant les individus au bénéfice d'autres ?L'Oeil de M.....L'Oeil de Moscou
48%
Quelle technique, utilisant les probabilités et censé s'assurer des gains aux jeux de hasard, porte un nom dérivé de la ville de Martigues ?Une martingale
40%
Quel chef cuisinier de Haute-Savoie fut le seul à obtenir la note de 20 sur 20 par le guide Gault et Millau ?Marc ......Marc VEYRAT
36%
Victime d'une insolation près de Mégare, à quel auteur doit-on "Les Bucoliques", "Les Géorgiques" ou encore "L'Énéide" ?Virgile
28%
Effectuée par Benoit XVI en 2013, quel terme sert à désigner la démission d'un pape ?La r...........La renonciation
20%
Quelle ancienne monnaie romaine, qui valait initialement 10 as, possède la même étymologie que le dinar ?Le denier
16%
Quel plat traditionnel coréen, à base de chou trempé dans une saumure et fermenté dans des jarres, commence par la lettre K ?Le kimchi
12%
Quel polygraphe est resté célèbre pour sa "Vie des douze Césars", ouvrage allant de la biographie de Jules César à celle de Domitien ?Suétone
12%
Décédé en 2007, quel comédien fut la voix française de Jack Lemmon, Peter Sellers dans "La Panthère rose" ou encore Tony Curtis dans "Amicalement vôtre" ?Michel ....Michel ROUX
8%
Né à Lesneven dans le Finistère, quel dessinateur de BD, créateur du détective Jack Palmer, décède le 30 septembre 2018 ?René ........René PÉTILLON
8%

Distribution des résultats

Percentile par nombre de réponses

% des personnes avec chaque résultat

Votre développement - résultats

Vous n’avez pas pris ce quiz